000
00330pab a2200145 454500
008
180718b1986 xxu||||| |||| 00| 0 eng d
100
_a
Arora, R.K.
245
_a
Challenging problems of housing by 2001 AD
260
_c
1986
300
_a
1165-7
362
_a
14 June
650
_a
Housing
773
_a
Commerce
909
_a
9774
999
_c
9774
_d
9774